Design for teaching and training : (Record no. 35131)
[ view plain ]
| 000 -LEADER | |
|---|---|
| fixed length control field | 00763nam a22002411a 4500 |
| 001 - CONTROL NUMBER | |
| control field | 1777915 |
| 005 - DATE AND TIME OF LATEST TRANSACTION | |
| control field | 20151023020004.0 |
| 008 - FIXED-LENGTH DATA ELEMENTS--GENERAL INFORMATION | |
| fixed length control field | 780517s1978 tnua b 000 0 eng |
| 010 ## - LIBRARY OF CONGRESS CONTROL NUMBER | |
| LC control number | 77087249 |
| 020 ## - INTERNATIONAL STANDARD BOOK NUMBER | |
| International Standard Book Number | 0805434222 |
| 040 ## - CATALOGING SOURCE | |
| Original cataloging agency | DLC |
| Transcribing agency | DLC |
| Modifying agency | DLC |
| 050 00 - LIBRARY OF CONGRESS CALL NUMBER | |
| Classification number | LB1027 |
| Item number | .F598 |
| 082 00 - DEWEY DECIMAL CLASSIFICATION NUMBER | |
| Classification number | LB 1027.F598 1978 |
| 100 1# - MAIN ENTRY--PERSONAL NAME | |
| Personal name | Ford, LeRoy. |
| 245 10 - TITLE STATEMENT | |
| Title | Design for teaching and training : |
| Remainder of title | a self-study guide to lesson planning / |
| Statement of responsibility, etc | LeRoy Ford. |
| Medium | [Text] |
| 260 ## - PUBLICATION, DISTRIBUTION, ETC. (IMPRINT) | |
| Place of publication, distribution, etc | Nashville |
| Name of publisher, distributor, etc | Broadman Press |
| Date of publication, distribution, etc | c1978 |
| 300 ## - PHYSICAL DESCRIPTION | |
| Extent | 389 p. : ill. ; 26 cm. |
| 504 ## - BIBLIOGRAPHY, ETC. NOTE | |
| Bibliography, etc | Includes bibliographical references. |
| 650 #0 - SUBJECT ADDED ENTRY--TOPICAL TERM | |
| Topical term or geographic name as entry element | Lesson planning. |
| 906 ## - LOCAL DATA ELEMENT F, LDF (RLIN) | |
| a | 7 |
| b | cbc |
| c | orignew |
| d | 2 |
| e | opcn |
| f | 19 |
| g | y-gencatlg |
| 991 ## - | |
| -- | c-GenColl |
| -- | LB1027 |
| -- | .F598 |
| -- | 00057935108 |
| -- | Copy 1 |
| -- | BOOKS |
| 942 00 - ADDED ENTRY ELEMENTS (KOHA) | |
| Koha issues (borrowed), all copies | 5 |
| Withdrawn status | Lost status | Source of classification or shelving scheme | Damaged status | Not for loan | Collection code | Home library | Current library | Shelving location | Date acquired | Cost, normal purchase price | Total Checkouts | Total Renewals | Full call number | Barcode | Date last seen | Date checked out | Copy number | Price effective from | Koha item type |
|---|---|---|---|---|---|---|---|---|---|---|---|---|---|---|---|---|---|---|---|
| Library of Congress Classification | General Circulation | AIU/NEGST - Tony Wilmot Memorial Library | AIU/NEGST - Tony Wilmot Memorial Library | General Stacks | 12/01/2009 | 13.41 | 6 | 1 | LB 1027.F598 1978 | R20476X3232 | 09/02/2019 | 10/22/2015 | 1 | 12/01/2009 | Books |
